书目信息 |
| 题名: |
农业废弃物无害化处理与资源化利用技术
|
|
| 作者: | 马现永 主编 | |
| 分册: | ||
| 出版信息: | 北京 中国农业出版社 2021.3 |
|
| 页数: | 133页 | |
| 开本: | 24cm | |
| 丛书名: | ||
| 单 册: | ||
| 中图分类: | X71 | |
| 科图分类: | ||
| 主题词: | 农业废物--废物处理--研究 , 农业废物--废物综合利用--研究 | |
| 电子资源: | ||
| ISBN: | 978-7-109-27233-0 | |
| 000 | 00930nam0 2200241 45 | |
| 001 | 012001000488 | |
| 005 | 20140911145954.0 | |
| 010 | @a978-7-109-27233-0@dCNY39.80 | |
| 100 | @a20210526d2021 em y0chiy50 ea | |
| 101 | 0 | @achi |
| 102 | @aCN@b110000 | |
| 105 | @ay z 000yy | |
| 106 | @ar | |
| 200 | 1 | @a农业废弃物无害化处理与资源化利用技术@Anong ye fei qi wu wu hai hua chu li yu zi yuan hua li yong ji shu@f马现永主编 |
| 210 | @a北京@c中国农业出版社@d2021.3 | |
| 215 | @a133页@d24cm | |
| 330 | @a本书共九部分,内容包括:农业废弃物的定义、来源与分类;农业废弃物应用现状;农业废弃物微生物发酵饲料技术;农业废弃物的昆虫过腹化关键技术研究与应用;农业废弃物微生物发酵作为生物有机肥的技术;畜禽规模化养殖场除臭技术等。 | |
| 606 | 0 | @a农业废物@x废物处理@x研究 |
| 606 | 0 | @a农业废物@x废物综合利用@x研究 |
| 690 | @aX71@v5 | |
| 701 | 0 | @a马现永@Ama xian yong@4主编 |
| 801 | 0 | @aCN@bBJSDL@c20211011 |
| 905 | @b1331561-4@dX71@e333@f4 | |
| 农业废弃物无害化处理与资源化利用技术/马现永主编.-北京:中国农业出版社,2021.3 |
| 133页;24cm |
| ISBN 978-7-109-27233-0:CNY39.80 |
| 本书共九部分,内容包括:农业废弃物的定义、来源与分类;农业废弃物应用现状;农业废弃物微生物发酵饲料技术;农业废弃物的昆虫过腹化关键技术研究与应用;农业废弃物微生物发酵作为生物有机肥的技术;畜禽规模化养殖场除臭技术等。 |
| ● |
| 相关链接 |
|
|
|
|
正题名:农业废弃物无害化处理与资源化利用技术
索取号:X71/333
 
预约/预借
| 序号 | 登录号 | 条形码 | 馆藏地/架位号 | 状态 | 备注 |
| 1 | 1331561 | 213315615 | 第二样本阅览室/ [索取号:X71/333] | 在馆 | |
| 2 | 1331562 | 213315624 | 第三借阅区/ [索取号:X71/333] | 在馆 | |
| 3 | 1331563 | 213315633 | 第三借阅区/ [索取号:X71/333] | 在馆 | |
| 4 | 1331564 | 213315642 | 第三借阅区/ [索取号:X71/333] | 在馆 |